[Event "FICGS class C 000046 email"]
[Site "FICGS email"]
[Date "2008.05.01"]
[Round "1"]
[White "Hrubaru, Mircea"]
[Black "Boemus, Luner"]
[Result "1-0"]
[WhiteElo "1763"]
[BlackElo "1800"]
[PlyCount "25"]
[EventDate "2008.??.??"]
[EventType "tourn (corr)"]
[EventRounds "1"]
[SourceTitle "Corr 2022"]
[Source "ChessBase"]
[SourceDate "2021.10.24"]
[SourceVersion "1"]
[SourceVersionDate "2021.10.24"]
[SourceQuality "1"]

1. e4 e6 2. d4 d5 3. Nd2 c5 4. Ngf3 cxd4 5. exd5 Qxd5 6. Bc4 Qd6 7. 0-0 Nf6 8. Nb3 Nc6 9. Qe2 a6 10. Rd1 b5 11. Bd3 Qc7 12. a4 b4 13. Bg5 1-0